000 00370nam a22001337a 4500
999 _c18929
_d18929
008 210512b xxu||||| |||| 00| 0 eng d
020 _a9781402014017
040 _aKABU
_cKABU
050 _aP308
_b.R43 2003 C.1
245 _aRecent advances in example based machine translation.
_cMichael Carl.
260 _bSpinger,
_c2003.
300 _axxxi, 482p.
942 _2lcc
_cBK